Analytical chemistry (Record no. 221806)

MARC details
000 -LEADER
fixed length control field 00567nam a22001937a 4500
005 - DATE AND TIME OF LATEST TRANSACTION
control field 20220420124435.0
008 - FIXED-LENGTH DATA ELEMENTS--GENERAL INFORMATION
fixed length control field 220310b ||||| |||| 00| 0 eng d
020 ## - INTERNATIONAL STANDARD BOOK NUMBER
International Standard Book Number 9788183306096
040 ## - CATALOGING SOURCE
Transcribing agency AL
041 ## - LANGUAGE CODE
Language code of text/sound track or separate title eng
082 ## - DEWEY DECIMAL CLASSIFICATION NUMBER
Edition number 23
Classification number 543
Item number KAUA
100 ## - MAIN ENTRY--PERSONAL NAME
Personal name Suresh Kautilya
9 (RLIN) 23299
245 ## - TITLE STATEMENT
Title Analytical chemistry
260 ## - PUBLICATION, DISTRIBUTION, ETC.
Place of publication, distribution, etc. New Delhi
Name of publisher, distributor, etc. Arjun publishing house
Date of publication, distribution, etc. 2017
300 ## - PHYSICAL DESCRIPTION
Extent 258p.
Other physical details HB
Dimensions 22.3x14.2cm.
365 ## - TRADE PRICE
Source of price type code General
Price type code VBI-1345
Price amount ₹746.25
Currency code
Unit of pricing ₹995.00
Price note 25%
Price effective from 21-02-2022
650 ## - SUBJECT ADDED ENTRY--TOPICAL TERM
Source of heading or term Chemistry
Topical term or geographic name entry element Analytical chemistry
9 (RLIN) 23300
942 ## - ADDED ENTRY ELEMENTS (KOHA)
Source of classification or shelving scheme Dewey Decimal Classification
Koha item type Book
Holdings
Withdrawn status Lost status Source of classification or shelving scheme Damaged status Not for loan Collection code Home library Current library Date acquired Source of acquisition Cost, normal purchase price Total Checkouts Full call number Barcode Date last seen Cost, replacement price Price effective from Koha item type
    Dewey Decimal Classification     General Chemistry St Aloysius PG Library St Aloysius PG Library 03/09/2022 Vidyarthi Books 746.25   543 KAUA PG023747 08/24/2022 995.00 02/21/2022 Book